| 000 | 00419nam a22001577a 4500 | ||
|---|---|---|---|
| 003 | OSt | ||
| 008 | 260430b |||||||| |||| 00| 0 eng d | ||
| 082 |
_a633.17 _bS660 |
||
| 100 | _aSrivastava, Ashok Prasad | ||
| 245 | _aOptimum Nitrogen Dose and Time of Application for Rabi Hybrid Maize | ||
| 260 |
_aPusa, Samastipur _bRAU _c1975 |
||
| 300 | _a110P. | ||
| 502 |
_bMsc. _d1975 |
||
| 650 | _aAgronomy | ||
| 942 |
_2ddc _cT |
||
| 999 |
_c50341 _d50341 |
||